[Event "zonal 7"]
[Site "Windsor CAN"]
[Date "1989.06.??"]
[Round "?"]
[White "Hartman, Brian"]
[Black "Spraggett, Kevin"]
[Result "1/2-1/2"]
[WhiteElo "2345"]
[BlackElo "2585"]
[EventDate "1989.06.??"]
[PlyCount "21"]

1.e4 c6 2.d4 d5 3.Nc3 dxe4 4.Nxe4 Nf6 5.Nxf6+ gxf6 6.Nf3 Bf5 7.Bd3 Bg6 8.
O-O e6 9.Bf4 Bd6 10.Bg3 Qc7 11.c4 1/2-1/2

[Event "zonal 7"]
[Site "Windsor CAN"]
[Date "1989.06.??"]
[Round "?"]
[White "Hergott, Deen"]
[Black "Bailey, Doug"]
[Result "1-0"]
[WhiteElo "2365"]
[BlackElo "2355"]
[EventDate "1989.06.??"]
[PlyCount "107"]

1.Nf3 Nf6 2.c4 g6 3.Nc3 d5 4.cxd5 Nxd5 5.Qa4+ Bd7 6.Qc2 Nb6 7.g3 Bg7 8.Bg2
Bc6 9.O-O e5 10.d3 h6 11.b4 a6 12.a4 Nd5 13.Nxd5 Bxd5 14.Bb2 Nd7 15.e4 Be6
16.d4 Qe7 17.Qxc7 Qxb4 18.d5 Bg4 19.Bxe5 O-O 20.Bd6 Qxe4 21.Ne5 Qf5 22.
Nxg4 Qxg4 23.Bxf8 Bxa1 24.Rxa1 Rxf8 25.a5 Qd4 26.Rc1 Nf6 27.Qxb7 Re8 28.
Rc8 Rxc8 29.Qxc8+ Kg7 30.Qxa6 Qa1+ 31.Bf1 Nxd5 32.Qb5 Qd4 33.a6 Nc7 34.Qb7
Qc5 35.a7 Qa5 36.Qxc7 Qxc7 37.a8=Q Qe5 38.Qb7 Qd4 39.Qb5 Qc3 40.Qc4 Qe5 
41.Bd3 h5 42.Qe4 Qa1+ 43.Kg2 Qb2 44.Bc4 Qf6 45.h4 Kf8 46.Qf3 Qe7 47.Qxf7+ 
Qxf7 48.Bxf7 Kxf7 49.Kf3 Ke6 50.Ke4 Kf6 51.Kf4 Ke6 52.Kg5 Kf7 53.f4 Kg7 
54.f5 1-0

[Event "zonal 7"]
[Site "Windsor CAN"]
[Date "1989.06.??"]
[Round "?"]
[White "Hergott, Deen"]
[Black "Gentes, Kevin"]
[Result "1/2-1/2"]
[WhiteElo "2365"]
[BlackElo "2235"]
[EventDate "1989.06.??"]
[PlyCount "46"]

1.e4 e6 2.d4 d5 3.Nc3 Nf6 4.Bg5 Bb4 5.e5 h6 6.Bd2 Bxc3 7.bxc3 Ne4 8.Qg4 g6
9.h4 c5 10.Rh3 Nc6 11.Bd3 Nxd2 12.Kxd2 c4 13.Be2 b5 14.Rg3 Rg8 15.a3 Bd7 
16.Nh3 a5 17.Nf4 Ne7 18.h5 Nf5 19.Rf3 b4 20.axb4 axb4 21.Rxa8 bxc3+ 22.
Rxc3 Qxa8 23.Nh3 Qa1 1/2-1/2

[Event "zonal 7"]
[Site "Windsor CAN"]
[Date "1989.06.??"]
[Round "?"]
[White "Hergott, Deen"]
[Black "Nickoloff, Bryon"]
[Result "1/2-1/2"]
[WhiteElo "2365"]
[BlackElo "2420"]
[EventDate "1989.06.??"]
[PlyCount "42"]

1.Nf3 c5 2.c4 Nf6 3.Nc3 Nc6 4.d4 cxd4 5.Nxd4 e6 6.g3 Qb6 7.Nb3 Ne5 8.e4 
Bb4 9.Qe2 d6 10.f4 Nc6 11.Bg2 e5 12.Be3 Nd4 13.Qd3 Nc2+ 14.Kd2 Nxe3 15.
Qxe3 Bxc3+ 16.bxc3 Qc7 17.fxe5 Ng4 18.exd6 Qxd6+ 19.Qd4 Qh6+ 20.Ke2 Be6 
21.h3 Nf6 1/2-1/2

[Event "zonal 7"]
[Site "Windsor CAN"]
[Date "1989.06.??"]
[Round "?"]
[White "Hergott, Deen"]
[Black "Piasetski, Leon David"]
[Result "0-1"]
[WhiteElo "2365"]
[BlackElo "2400"]
[EventDate "1989.06.??"]
[PlyCount "62"]

1.d4 Nf6 2.c4 d6 3.Nc3 Nbd7 4.Nf3 h6 5.Bf4 Nh5 6.Bd2 g6 7.Qc2 e5 8.e3 Bg7 
9.O-O-O Nhf6 10.Bd3 O-O 11.Rhg1 Ng4 12.Be1 f5 13.h3 e4 14.Nxe4 fxe4 15.
Bxe4 Ngf6 16.Bxg6 Kh8 17.Nh4 Ng8 18.f4 Bf6 19.Nf5 Nb6 20.g4 d5 21.g5 Bxf5 
22.Qxf5 Bg7 23.Qg4 Nxc4 24.gxh6 Bxh6 25.Bh4 Qd6 26.Qh5 Nxe3 27.Bf7 Qxf4 
28.Bg3 Qxf7 29.Be5+ Kh7 30.Rg7+ Qxg7 31.Bxg7 Rf5 0-1

[Event "zonal 7"]
[Site "Windsor CAN"]
[Date "1989.06.??"]
[Round "?"]
[White "Hergott, Deen"]
[Black "Ross, Paul"]
[Result "1-0"]
[WhiteElo "2365"]
[BlackElo "2260"]
[EventDate "1989.06.??"]
[PlyCount "125"]

1.e4 e6 2.d4 d5 3.Nc3 Bb4 4.a3 Bxc3+ 5.bxc3 dxe4 6.Qg4 Nf6 7.Qxg7 Rg8 8.
Qh6 b6 9.Bg5 Rg6 10.Qh4 Bb7 11.Ne2 h6 12.Bxh6 Rg4 13.Qh3 Qd6 14.c4 Nbd7 
15.Qb3 O-O-O 16.h3 Rgg8 17.Be3 c5 18.Nc3 Kb8 19.Nb5 Qe7 20.Bf4+ e5 21.dxe5
Nxe5 22.Qb2 Rge8 23.Rd1 Rxd1+ 24.Kxd1 Nd7 25.Kc1 a6 26.Nc3 Ka7 27.Be2 Ng6 
28.Be3 f5 29.g3 Qf7 30.Rd1 f4 31.gxf4 Nxf4 32.Bf1 Ne5 33.Rd6 Qc7 34.Rf6 
Nh5 35.Rh6 Ng7 36.Na4 Re6 37.Rxe6 Nxe6 38.Nxb6 Nf3 39.Nd5 Qa5 40.Qc3 Qd8 
41.Be2 Nfd4 42.Bg4 Bxd5 43.cxd5 Qxd5 44.Bxe6 Nxe6 45.h4 Nd4 46.Kb2 Ne6 47.
Qb3 Qe5+ 48.Qc3 Qd5 49.Qb3 Qe5+ 50.Ka2 Nd4 51.Qc4 Kb6 52.h5 Qxh5 53.Bxd4 
cxd4 54.Qxd4+ Kc7 55.Qa7+ Kd8 56.Qa8+ Kc7 57.Qa7+ Kd8 58.Qxa6 Qd5+ 59.Kb2 
Qd4+ 60.Kb3 Qd5+ 61.Qc4 Qb7+ 62.Kc3 Ke8 63.Qg8+ 1-0

[Event "zonal 7"]
[Site "Windsor CAN"]
[Date "1989.06.??"]
[Round "?"]
[White "Hergott, Deen"]
[Black "Southam, David"]
[Result "1-0"]
[WhiteElo "2365"]
[BlackElo "2255"]
[EventDate "1989.06.??"]
[PlyCount "97"]

1.b3 e5 2.Bb2 Nc6 3.e3 d6 4.c4 g6 5.Nc3 Bg7 6.g3 Nge7 7.Bg2 Bf5 8.a3 h5 9.
h3 Qd7 10.Nge2 e4 11.Qc2 Ne5 12.Nxe4 Nd3+ 13.Qxd3 Bxb2 14.Ra2 Bg7 15.Nd4 
O-O-O 16.Nxf5 Qxf5 17.Qe2 d5 18.cxd5 Nxd5 19.O-O Rhe8 20.Qc4 Nb6 21.Qc2 
Kb8 22.Rc1 c6 23.Nc5 Qxc2 24.Raxc2 Rc8 25.Nxb7 Kxb7 26.Bxc6+ Rxc6 27.Rxc6 
Re7 28.d4 Rd7 29.a4 Nd5 30.R6c5 a6 31.Rc8 Bf6 32.Rf8 Nc7 33.g4 hxg4 34.
hxg4 Ne6 35.Rg8 Be7 36.f4 Bd8 37.Kf2 Bb6 38.Kf3 Ka7 39.f5 gxf5 40.gxf5 Nc7
41.Rf8 Nd5 42.Rh1 Nxe3 43.Kxe3 Bxd4+ 44.Ke4 Bc5 45.Rc8 Bb4 46.Rhh8 Bd6 47.
Rhd8 Re7+ 48.Kd5 Bc7 49.Re8 1-0

[Event "zonal 7"]
[Site "Windsor CAN"]
[Date "1989.06.??"]
[Round "?"]
[White "Hergott, Deen"]
[Black "Stone, Raymond"]
[Result "0-1"]
[WhiteElo "2365"]
[BlackElo "2345"]
[EventDate "1989.06.??"]
[PlyCount "86"]

1.Nf3 Nf6 2.g3 d5 3.Bg2 Bf5 4.d3 e6 5.c4 c6 6.Qb3 Qb6 7.Be3 Qa6 8.cxd5 
exd5 9.O-O Be7 10.Nc3 O-O 11.Nd4 Bc8 12.h3 Re8 13.Qc2 Nbd7 14.a3 Nf8 15.
Nb3 Ne6 16.f4 h5 17.f5 Nf8 18.Bd4 N8h7 19.e4 dxe4 20.dxe4 Bd6 21.Rf4 Be5 
22.Bf2 b6 23.Nd4 Bd7 24.Nf3 c5 25.Nxe5 Rxe5 26.b4 Rae8 27.bxc5 bxc5 28.Nd5
Nxd5 29.exd5 Nf6 30.Rd1 Re2 31.Qxc5 Ra2 32.Bf1 Qb7 33.Rb4 Qa8 34.Qc4 Rxa3 
35.Qc1 Rf3 36.Bg2 Rxf5 37.d6 Qd8 38.Bxa7 Qa5 39.Rb7 Re2 40.Bd4 Rxg2+ 41.
Kxg2 Qd5+ 42.Kh2 Qxb7 43.Qc2 Qf3 0-1

[Event "zonal 7"]
[Site "Windsor CAN"]
[Date "1989.06.??"]
[Round "?"]
[White "Nickoloff, Bryon"]
[Black "Basanta, Gary"]
[Result "1-0"]
[WhiteElo "2420"]
[BlackElo "2260"]
[EventDate "1989.06.??"]
[PlyCount "73"]

1.d4 Nf6 2.c4 e6 3.Nf3 d5 4.Nc3 Be7 5.Bg5 O-O 6.Rc1 h6 7.Bh4 b6 8.cxd5 
exd5 9.e3 Bb7 10.Bb5 Ne4 11.Bxe7 Qxe7 12.O-O c6 13.Ba4 Nd7 14.Nxe4 dxe4 
15.Nd2 Rac8 16.b4 Nf6 17.a3 c5 18.dxc5 bxc5 19.b5 Rfd8 20.Qe2 Rd3 21.Nc4 
Bd5 22.Qb2 Bxc4 23.Rxc4 Qd6 24.h3 Rd2 25.Qc1 g5 26.Rd1 Rxd1+ 27.Bxd1 h5 
28.Be2 Kg7 29.Qc3 Kg6 30.Ra4 Nd5 31.Qd2 Qe5 32.Rxa7 Qa1+ 33.Kh2 Nc3 34.
Qd6+ f6 35.Bxh5+ Kxh5 36.Qxf6 Nxb5 37.g4+ 1-0

[Event "zonal 7"]
[Site "Windsor CAN"]
[Date "1989.06.??"]
[Round "?"]
[White "Nickoloff, Bryon"]
[Black "Hamilton, Robert"]
[Result "1/2-1/2"]
[WhiteElo "2420"]
[BlackElo "2300"]
[EventDate "1989.06.??"]
[PlyCount "52"]

1.d4 d5 2.c4 dxc4 3.Nf3 Nf6 4.e3 e6 5.Bxc4 c5 6.O-O a6 7.Qe2 b5 8.Bb3 Bb7 
9.Rd1 Qb6 10.Nc3 Nbd7 11.d5 c4 12.dxe6 fxe6 13.Bc2 Rd8 14.Ng5 Bc5 15.Bxh7 
Ke7 16.Bc2 Rh5 17.e4 Rdh8 18.h3 Ne5 19.Rf1 Nfg4 20.Nd1 Qd6 21.Bf4 Ke8 22.
Ne3 Rxg5 23.Nxg4 Rxg4 24.Qxg4 Nxg4 25.Bxd6 Bxd6 26.hxg4 Bh2+ 1/2-1/2

[Event "zonal 7"]
[Site "Windsor CAN"]
[Date "1989.06.??"]
[Round "?"]
[White "Nickoloff, Bryon"]
[Black "Hartman, Brian"]
[Result "1-0"]
[WhiteElo "2420"]
[BlackElo "2345"]
[EventDate "1989.06.??"]
[PlyCount "121"]

1.d4 Nf6 2.c4 e6 3.Nc3 Bb4 4.Qc2 d5 5.cxd5 exd5 6.Bg5 h6 7.Bxf6 Qxf6 8.a3 
Bxc3+ 9.Qxc3 O-O 10.Nf3 c6 11.e3 Bf5 12.Be2 Nd7 13.b4 a5 14.O-O axb4 15.
axb4 Rfc8 16.Nd2 Qg5 17.Rfc1 Nf6 18.Ra5 Ne4 19.Nxe4 Bxe4 20.Bf1 h5 21.b5 
Rxa5 22.Qxa5 h4 23.h3 Bf5 24.Kh1 Qf6 25.Qb6 cxb5 26.Rxc8+ Bxc8 27.Qxf6 
gxf6 28.Bxb5 Kg7 29.Kh2 Kg6 30.g3 hxg3+ 31.fxg3 Bf5 32.Kg2 Be4+ 33.Kf2 Kg5
34.Ke2 f5 35.Bd3 Bg2 36.h4+ Kf6 37.Kf2 Be4 38.Be2 Bc2 39.Ke1 Ba4 40.Kd2 
Bc6 41.Kc3 b6 42.Kb4 Ke6 43.Bb5 Bb7 44.Kc3 Kf6 45.Kd2 Kg6 46.Ke2 Bc8 47.
Kf3 Be6 48.Kf4 f6 49.Kf3 Kf7 50.Ke2 Kg6 51.Be8+ Kh6 52.Kd2 Kg7 53.Kc3 Kf8 
54.Bc6 Ke7 55.Kb4 Kd6 56.Kb5 Kc7 57.Be8 f4 58.exf4 Bf5 59.h5 Bd3+ 60.Kb4 
Kd6 61.Bg6 1-0

[Event "zonal 7"]
[Site "Windsor CAN"]
[Date "1989.06.??"]
[Round "?"]
[White "Nickoloff, Bryon"]
[Black "O'Donnell, Tom"]
[Result "1/2-1/2"]
[WhiteElo "2420"]
[BlackElo "2395"]
[EventDate "1989.06.??"]
[PlyCount "47"]

1.d4 d5 2.c4 e6 3.Nf3 c6 4.Qb3 Nf6 5.g3 Be7 6.Bg2 O-O 7.O-O Nbd7 8.Rd1 b6 
9.Nc3 Bb7 10.cxd5 cxd5 11.Bf4 Nh5 12.Bd2 Nhf6 13.Rac1 a6 14.a4 Rc8 15.e3 
Nb8 16.Bf1 Nc6 17.Na2 Ne4 18.Be1 Nd6 19.Nb4 Nc4 20.Nd3 f6 21.Qa2 Qd7 22.b3
N4a5 23.Bh3 f5 24.Qb2 1/2-1/2

[Event "zonal 7"]
[Site "Windsor CAN"]
[Date "1989.06.??"]
[Round "?"]
[White "Nickoloff, Bryon"]
[Black "Spraggett, Kevin"]
[Result "1/2-1/2"]
[WhiteElo "2420"]
[BlackElo "2585"]
[EventDate "1989.06.??"]
[PlyCount "20"]

1.d4 Nf6 2.c4 e6 3.Nf3 b6 4.g3 Bb7 5.Bg2 Bb4+ 6.Bd2 Bxd2+ 7.Qxd2 O-O 8.O-O
d6 9.Nc3 Nbd7 10.Qc2 c5 1/2-1/2

[Event "zonal 7"]
[Site "Windsor CAN"]
[Date "1989.06.??"]
[Round "?"]
[White "Nickoloff, Bryon"]
[Black "Stone, Raymond"]
[Result "1-0"]
[WhiteElo "2420"]
[BlackElo "2345"]
[EventDate "1989.06.??"]
[PlyCount "53"]

1.c4 Nf6 2.Nc3 c5 3.g3 e6 4.Nf3 b6 5.Bg2 Bb7 6.O-O d6 7.d4 cxd4 8.Qxd4 Be7
9.Bg5 Nbd7 10.Nb5 d5 11.cxd5 Bxd5 12.Rac1 O-O 13.Nc7 Bc5 14.Qf4 Nh5 15.
Bxd8 Nxf4 16.gxf4 Raxd8 17.Nxd5 exd5 18.Rfd1 Nf6 19.Ne5 Rfe8 20.Rc2 Nh5 
21.e3 d4 22.Bf3 dxe3 23.Rxd8 exf2+ 24.Kf1 Rxd8 25.Bxh5 f6 26.Nc6 Rd6 27.b4
1-0

[Event "zonal 7"]
[Site "Windsor CAN"]
[Date "1989.06.??"]
[Round "?"]
[White "O'Donnell, Tom"]
[Black "Gentes, Kevin"]
[Result "1-0"]
[WhiteElo "2395"]
[BlackElo "2235"]
[EventDate "1989.06.??"]
[PlyCount "165"]

1.e4 e5 2.Nf3 Nc6 3.Bc4 Bc5 4.c3 Qe7 5.O-O Nf6 6.d3 d6 7.b4 Bb6 8.a4 a6 9.
a5 Ba7 10.Be3 Be6 11.Nbd2 Bxe3 12.fxe3 Bxc4 13.Nxc4 O-O 14.Qc2 Rad8 15.
Rae1 Nb8 16.Nfd2 Nbd7 17.Rb1 c6 18.Na3 Rfe8 19.c4 Nf8 20.Rfe1 Rd7 21.Nf3 
Ng6 22.Rb3 Qd8 23.Nb1 d5 24.Nc3 dxc4 25.dxc4 c5 26.Na4 cxb4 27.Nb6 Rd6 28.
Rxb4 Qc7 29.c5 Rc6 30.Rc4 Rd8 31.Qc3 Qe7 32.Rc1 h6 33.Ne1 Qe6 34.h3 Nh5 
35.Nd3 Ng3 36.Qc2 f5 37.Nb4 Rc7 38.exf5 Nxf5 39.Qe4 Nfe7 40.c6 Nxc6 41.
Nxc6 Rxc6 42.Rxc6 bxc6 43.Rxc6 Rd6 44.Rxd6 Qxd6 45.Qa8+ Kh7 46.Qxa6 Qc5 
47.Nc4 Nf4 48.Kh2 Nd5 49.Nxe5 Nxe3 50.Qd3+ Kg8 51.Ng6 Qc1 52.a6 Nf1+ 53.
Kg1 Ng3+ 54.Kf2 Nh1+ 55.Ke2 Qb2+ 56.Ke3 Qf2+ 57.Ke4 Ng3+ 58.Ke5 Qf6+ 59.
Kd5 Qd8+ 60.Kc4 Qc7+ 61.Kb5 Qb8+ 62.Ka4 Qe8+ 63.Ka3 Qe1 64.Ka4 Qe8+ 65.Ka5
Qe1+ 66.Kb6 Qf2+ 67.Kc6 Qa7 68.Qd8+ Kh7 69.Nf8+ Kg8 70.Nd7+ Kh7 71.Qb6 
Qa8+ 72.Qb7 Qe8 73.a7 Qe4+ 74.Kc7 Qf4+ 75.Kd8 Qg5+ 76.Kc8 Qc1+ 77.Qc7 Qa3 
78.Kb8 Qb4+ 79.Nb6 Qf8+ 80.Kb7 Ne4 81.a8=Q Nd6+ 82.Kc6 Ne8 83.Qe5 1-0

[Event "zonal 7"]
[Site "Windsor CAN"]
[Date "1989.06.??"]
[Round "?"]
[White "O'Donnell, Tom"]
[Black "Hartman, Brian"]
[Result "0-1"]
[WhiteElo "2395"]
[BlackElo "2345"]
[EventDate "1989.06.??"]
[PlyCount "80"]

1.e4 e5 2.Nf3 Nc6 3.Bb5 Nf6 4.O-O Bc5 5.Nxe5 Nxe5 6.d4 a6 7.Be2 Be7 8.dxe5
Nxe4 9.Qd5 Nc5 10.Be3 d6 11.exd6 Bxd6 12.Nc3 Qh4 13.g3 Qe7 14.Qg2 O-O 15.
Rad1 Bf5 16.Bf3 c6 17.Rd2 Be5 18.Re2 Ne6 19.h4 h6 20.Nd1 Qf6 21.b3 Rfe8 
22.Rfe1 Bd6 23.Be4 Bg4 24.f3 Bf5 25.Nf2 Bb4 26.Rd1 Rad8 27.Rxd8 Rxd8 28.
Bxf5 Qxf5 29.Nd3 Bc3 30.Kh2 g5 31.hxg5 hxg5 32.g4 Qf6 33.Kg1 Bd4 34.Qf2 
Kg7 35.Kf1 Rh8 36.Bxd4 Nxd4 37.Re3 Rh3 38.Ne1 Qh6 39.Qd2 Rh1+ 40.Kf2 Qh4+ 
0-1

[Event "zonal 7"]
[Site "Windsor CAN"]
[Date "1989.06.??"]
[Round "?"]
[White "O'Donnell, Tom"]
[Black "Hergott, Deen"]
[Result "1/2-1/2"]
[WhiteElo "2395"]
[BlackElo "2365"]
[EventDate "1989.06.??"]
[PlyCount "61"]

1.e4 g6 2.d4 d6 3.Nc3 Bg7 4.Nf3 Nf6 5.h3 O-O 6.Be3 Na6 7.Be2 c5 8.O-O cxd4
9.Bxd4 Nc5 10.e5 Nfe4 11.Nxe4 Nxe4 12.exd6 Qxd6 13.Bxg7 Kxg7 14.Qxd6 Nxd6 
15.Rfd1 Bd7 16.c4 Rfc8 17.Rac1 b6 18.b3 Rc7 19.Ne5 Be8 20.Nd3 Rd8 21.Bf3 
Nf5 22.Nf4 Rxd1+ 23.Rxd1 Rd7 24.Rxd7 Bxd7 25.Kf1 Kf6 26.Nd3 Nd4 27.Be4 Bf5
28.Bxf5 Kxf5 29.Ke1 e5 30.Kd2 e4 31.Nb4 1/2-1/2

[Event "zonal 7"]
[Site "Windsor CAN"]
[Date "1989.06.??"]
[Round "?"]
[White "O'Donnell, Tom"]
[Black "Ross, Paul"]
[Result "1-0"]
[WhiteElo "2395"]
[BlackElo "2260"]
[EventDate "1989.06.??"]
[PlyCount "80"]

1.e4 c5 2.Nf3 e6 3.c3 Nc6 4.d4 d5 5.exd5 exd5 6.Be2 cxd4 7.Nxd4 Bd6 8.Be3 
Nge7 9.Nd2 Nxd4 10.Bxd4 O-O 11.O-O Qc7 12.h3 Bf5 13.Re1 Ng6 14.Bf1 Bf4 15.
Be3 Rad8 16.Qa4 a6 17.Rad1 Bxe3 18.Rxe3 d4 19.cxd4 Bc2 20.Rc1 Bxa4 21.Rxc7
Rxd4 22.Ne4 Rd1 23.Nc3 Rd7 24.Rc5 Bc2 25.Nd5 Bb1 26.Bc4 Nh4 27.Re7 Rxe7 
28.Nxe7+ Kh8 29.Bxf7 g6 30.Bd5 Re8 31.Rc7 b5 32.g4 Bd3 33.Kh2 g5 34.Kg3 
Rf8 35.b4 Bc4 36.f4 gxf4+ 37.Kxh4 f3 38.Kg5 f2 39.Bg2 f1=Q 40.Bxf1 Rxf1 
1-0

[Event "zonal 7"]
[Site "Windsor CAN"]
[Date "1989.06.??"]
[Round "?"]
[White "O'Donnell, Tom"]
[Black "Spraggett, Kevin"]
[Result "0-1"]
[WhiteElo "2395"]
[BlackElo "2585"]
[EventDate "1989.06.??"]
[PlyCount "84"]

1.e4 c6 2.d4 d5 3.Nd2 dxe4 4.Nxe4 Nf6 5.Nxf6+ gxf6 6.Nf3 Bf5 7.Be2 e6 8.
O-O Qc7 9.c4 Nd7 10.d5 Rg8 11.Kh1 Be4 12.dxc6 bxc6 13.Qd4 Bg6 14.Be3 c5 
15.Qc3 Bd6 16.h3 Be4 17.Ne1 O-O-O 18.Bf3 Bxf3 19.Nxf3 f5 20.Rad1 Qc6 21.
Bc1 Bc7 22.Ne1 Rg6 23.f3 Rdg8 24.Rf2 e5 25.Nc2 f4 26.Re2 Nf6 27.Rde1 e4 
28.Rf1 Qe6 29.Qe1 e3 30.g4 fxg3 31.Kg2 Qxh3+ 32.Kxh3 Rh6+ 33.Kg2 Rh2+ 34.
Kg1 g2 35.Rxe3 Rh1+ 36.Kf2 gxf1=Q+ 37.Qxf1 Rh2+ 38.Ke1 Rxc2 39.Kd1 Rcg2 
40.Re1 Rd8+ 41.Bd2 Rdxd2+ 42.Kc1 Rc2+ 0-1

[Event "zonal 7"]
[Site "Windsor CAN"]
[Date "1989.06.??"]
[Round "?"]
[White "O'Donnell, Tom"]
[Black "Stone, Raymond"]
[Result "1/2-1/2"]
[WhiteElo "2395"]
[BlackElo "2345"]
[EventDate "1989.06.??"]
[PlyCount "41"]

1.e4 c5 2.c3 d5 3.exd5 Qxd5 4.d4 Nf6 5.Nf3 Bg4 6.Be2 e6 7.h3 Bh5 8.O-O Nc6
9.Be3 cxd4 10.cxd4 Be7 11.Nc3 Qd6 12.Qd2 O-O 13.Rfd1 Nd5 14.Rac1 Rfd8 15.
a3 Rac8 16.b4 Nxc3 17.Qxc3 Bf8 18.Qc5 Bg6 19.Qb5 Qb8 20.Qa4 Ne7 21.Ne5 
1/2-1/2

[Event "zonal 7"]
[Site "Windsor CAN"]
[Date "1989.06.??"]
[Round "?"]
[White "Piasetski, Leon David"]
[Black "Basanta, Gary"]
[Result "1-0"]
[WhiteElo "2400"]
[BlackElo "2260"]
[EventDate "1989.06.??"]
[PlyCount "77"]

1.c4 Nf6 2.Nc3 c5 3.g3 g6 4.Bg2 Bg7 5.a3 Nc6 6.Rb1 O-O 7.b4 d6 8.d3 Nh5 9.
Bd2 f5 10.Qc1 f4 11.bxc5 dxc5 12.Ne4 Qc7 13.Bf3 Nd4 14.Bxh5 gxh5 15.Bxf4 
e5 16.Bh6 Bf5 17.f3 b6 18.Kf2 Rad8 19.Rb2 Ne6 20.h4 Qd7 21.Be3 h6 22.Kg2 
Kh7 23.Nh3 Nd4 24.Nhf2 Bg6 25.Rf1 Qc7 26.Nd1 Nf5 27.Bg1 Qe7 28.Ndc3 Bf7 
29.a4 Be6 30.Bf2 Bf6 31.Rh1 Rg8 32.Kf1 Rg7 33.a5 Nd4 34.axb6 axb6 35.Rxb6 
Ra8 36.Nd5 Bxd5 37.Nxf6+ Kh8 38.Qxh6+ Rh7 39.Nxh7 1-0

[Event "zonal 7"]
[Site "Windsor CAN"]
[Date "1989.06.??"]
[Round "?"]
[White "Piasetski, Leon David"]
[Black "Nickoloff, Bryon"]
[Result "0-1"]
[WhiteElo "2400"]
[BlackElo "2420"]
[EventDate "1989.06.??"]
[PlyCount "62"]

1.c4 c5 2.Nc3 g6 3.d4 Bg7 4.e3 Nf6 5.Nf3 O-O 6.Be2 cxd4 7.exd4 d5 8.O-O 
Nc6 9.Bf4 Be6 10.Ng5 Bf5 11.Rc1 dxc4 12.d5 Na5 13.Be5 Bh6 14.f4 Qd7 15.h3 
Rad8 16.b4 cxb3 17.Bb5 Nc6 18.Qxb3 Nxd5 19.Rfd1 Be6 20.Nxe6 Qxe6 21.Rxd5 
Nxe5 22.Rxe5 Qxb3 23.axb3 Bxf4 24.Rce1 Bxe5 25.Rxe5 e6 26.Be2 Kg7 27.Bf3 
Rd7 28.Rc5 Re8 29.Kf2 Ree7 30.Ne2 e5 31.Ke3 e4 0-1

[Event "zonal 7"]
[Site "Windsor CAN"]
[Date "1989.06.??"]
[Round "?"]
[White "Piasetski, Leon David"]
[Black "O'Donnell, Tom"]
[Result "1/2-1/2"]
[WhiteElo "2400"]
[BlackElo "2395"]
[EventDate "1989.06.??"]
[PlyCount "29"]

1.c4 e6 2.Nc3 d5 3.cxd5 exd5 4.d4 c6 5.Qc2 g6 6.e4 dxe4 7.Qxe4+ Qe7 8.Bg5 
Qxe4+ 9.Nxe4 Bb4+ 10.Bd2 Be7 11.Bf4 Nf6 12.Nd6+ Bxd6 13.Bxd6 Be6 14.Ne2 
Nd5 15.Nc3 1/2-1/2

[Event "zonal 7"]
[Site "Windsor CAN"]
[Date "1989.06.??"]
[Round "?"]
[White "Piasetski, Leon David"]
[Black "Spraggett, Kevin"]
[Result "1/2-1/2"]
[WhiteElo "2400"]
[BlackElo "2585"]
[EventDate "1989.06.??"]
[PlyCount "126"]

1.c4 Nf6 2.Nc3 g6 3.g3 Bg7 4.Bg2 O-O 5.d4 d6 6.Nf3 c6 7.O-O Bf5 8.b3 Ne4 
9.Bb2 Nxc3 10.Bxc3 Be4 11.Qd2 d5 12.Rac1 e6 13.Qe3 Nd7 14.Bh3 Bxf3 15.Qxf3
Re8 16.Rfd1 Nf6 17.Qd3 Ne4 18.Be1 Qe7 19.Bg2 Nd6 20.Bb4 Rad8 21.Qc2 a6 22.
e3 Qf6 23.Rd3 Nf5 24.Rcd1 Rd7 25.Qe2 Qd8 26.Bh3 Ne7 27.Qd2 h5 28.Ba5 Qb8 
29.Qe2 Nf5 30.cxd5 Rxd5 31.Be1 Rd7 32.Ba5 Rd5 33.Bb6 Ne7 34.e4 Rd7 35.Qc2 
h4 36.a4 hxg3 37.hxg3 Qd6 38.Qc4 Nc8 39.Bc5 Qc7 40.d5 cxd5 41.exd5 Rxd5 
42.Rxd5 exd5 43.Qxd5 Bf8 44.Bxf8 Rxf8 45.Bg2 b6 46.Bf1 a5 47.Bc4 Re8 48.
Kg2 Kg7 49.Qd4+ f6 50.Qd5 g5 51.Rd3 Na7 52.Qf5 Re7 53.g4 Qc6+ 54.Kh2 Qc7+ 
55.Kg1 Qc8 56.Qxc8 Nxc8 57.Rd8 Rc7 58.Kg2 Ne7 59.Rb8 Rc6 60.Rb7 Kf8 61.Kf3
Rd6 62.Ke4 Ke8 63.f3 Kd8 1/2-1/2

[Event "zonal 7"]
[Site "Windsor CAN"]
[Date "1989.06.??"]
[Round "?"]
[White "Piasetski, Leon David"]
[Black "Taylor, Gordon"]
[Result "1-0"]
[WhiteElo "2400"]
[BlackElo "2345"]
[EventDate "1989.06.??"]
[PlyCount "93"]

1.c4 c5 2.Nc3 Nc6 3.Nf3 Nf6 4.d4 cxd4 5.Nxd4 g6 6.Nc2 Bg7 7.e4 d6 8.Be2 
O-O 9.O-O Nd7 10.Bd2 a5 11.Re1 Nc5 12.Bf1 Nb4 13.Bg5 Ne6 14.Be3 Nxc2 15.
Qxc2 Bd4 16.Rad1 Bxe3 17.Rxe3 Bd7 18.Qd2 Bc6 19.Rh3 f6 20.Qe3 a4 21.Nd5 
Bxd5 22.exd5 Nc5 23.Rg3 f5 24.Qd4 Rf6 25.f4 Ne4 26.Re3 Ra6 27.Bd3 Nc5 28.
Bc2 Rb6 29.Rde1 Rf7 30.Bxf5 e5 31.fxe5 Rxf5 32.exd6 Qxd6 33.Re7 Rf7 34.
Rxf7 Kxf7 35.Qh8 Nd7 36.Qxh7+ Kf8 37.Qh8+ Kf7 38.Qe8+ Kg7 39.Re7+ Kh6 40.
Rxd7 Qc5+ 41.Kh1 Qd4 42.Qf8+ Kg5 43.Rf7 Rxb2 44.Qe7+ Kh5 45.Rh7+ Kg4 46.
Qh4+ Kf5 47.Qxd4 1-0

[Event "zonal 7"]
[Site "Windsor CAN"]
[Date "1989.06.??"]
[Round "?"]
[White "Ross, Paul"]
[Black "Bailey, Doug"]
[Result "1/2-1/2"]
[WhiteElo "2260"]
[BlackElo "2355"]
[EventDate "1989.06.??"]
[PlyCount "56"]

1.d4 Nf6 2.c4 g6 3.Nc3 d5 4.Nf3 Bg7 5.Qb3 dxc4 6.Qxc4 O-O 7.e4 Bg4 8.Be3 
Nfd7 9.Qb3 Bxf3 10.gxf3 Nc6 11.Rd1 e5 12.dxe5 Ncxe5 13.Be2 Qh4 14.h3 Nb6 
15.Nd5 Kh8 16.f4 Nc6 17.Bf3 f5 18.e5 g5 19.Nxc7 Na5 20.Qe6 Nbc4 21.Bc1 
Rac8 22.Rd7 Nb6 23.Rxg7 Kxg7 24.Qe7+ Rf7 25.Ne8+ Kg8 26.Nf6+ Kg7 27.Ne8+ 
Kg8 28.Nf6+ Kg7 1/2-1/2

[Event "zonal 7"]
[Site "Windsor CAN"]
[Date "1989.06.??"]
[Round "?"]
[White "Ross, Paul"]
[Black "Gentes, Kevin"]
[Result "1/2-1/2"]
[WhiteElo "2260"]
[BlackElo "2235"]
[EventDate "1989.06.??"]
[PlyCount "29"]

1.Nf3 e6 2.c4 d5 3.d4 c6 4.Nc3 dxc4 5.a4 Bb4 6.Bd2 b5 7.e3 Qe7 8.Qc2 Nf6 
9.axb5 Bxc3 10.Qxc3 cxb5 11.b3 Ne4 12.Qc2 Nxd2 13.Nxd2 O-O 14.bxc4 bxc4 
15.Bxc4 1/2-1/2

[Event "zonal 7"]
[Site "Windsor CAN"]
[Date "1989.06.??"]
[Round "?"]
[White "Ross, Paul"]
[Black "Hamilton, Robert"]
[Result "1-0"]
[WhiteElo "2260"]
[BlackElo "2300"]
[EventDate "1989.06.??"]
[PlyCount "83"]

1.d4 Nf6 2.c4 c5 3.d5 d6 4.Nc3 g6 5.e4 Bg7 6.Bd3 O-O 7.h3 e6 8.Nf3 exd5 9.
exd5 Re8+ 10.Be3 Nh5 11.O-O f5 12.Bg5 Bf6 13.Bxf6 Qxf6 14.Qd2 Na6 15.Rfe1 
Bd7 16.a3 Nc7 17.b4 b6 18.bxc5 bxc5 19.Rxe8+ Rxe8 20.Rb1 Bc8 21.Ne2 Ba6 
22.Qc3 Qxc3 23.Nxc3 Nf6 24.Bf1 Kg7 25.a4 Ne4 26.Nb5 Bxb5 27.axb5 Na8 28.
Bd3 Nc3 29.Ra1 Re7 30.Ng5 Nb6 31.Ne6+ Kf6 32.f4 Ncxd5 33.cxd5 Nxd5 34.Nd8 
Nxf4 35.Bf1 Nd5 36.Nc6 Rb7 37.Rd1 Nc3 38.Rxd6+ Kg5 39.Nd8 Rb8 40.Nf7+ Kf4 
41.g3+ Ke4 42.Kf2 1-0

[Event "zonal 7"]
[Site "Windsor CAN"]
[Date "1989.06.??"]
[Round "?"]
[White "Ross, Paul"]
[Black "Nickoloff, Bryon"]
[Result "1/2-1/2"]
[WhiteElo "2260"]
[BlackElo "2420"]
[EventDate "1989.06.??"]
[PlyCount "24"]

1.d4 Nf6 2.c4 e6 3.Nf3 Bb4+ 4.Nbd2 O-O 5.a3 Be7 6.e4 d5 7.cxd5 exd5 8.e5 
Nfd7 9.Bd3 c5 10.O-O Nc6 11.Re1 Re8 12.Nf1 Nf8 1/2-1/2

[Event "zonal 7"]
[Site "Windsor CAN"]
[Date "1989.06.??"]
[Round "?"]
[White "Ross, Paul"]
[Black "Piasetski, Leon David"]
[Result "0-1"]
[WhiteElo "2260"]
[BlackElo "2400"]
[EventDate "1989.06.??"]
[PlyCount "92"]

1.d4 d6 2.c4 g6 3.g3 Bg7 4.Bg2 Nd7 5.Nc3 e5 6.Nf3 Nh6 7.O-O O-O 8.dxe5 
dxe5 9.Qc2 Re8 10.Rd1 f6 11.b3 Nf7 12.Ba3 c6 13.Rd2 Qa5 14.Bb2 Nc5 15.a3 
Ne6 16.Ne4 Qc7 17.e3 f5 18.Nc3 e4 19.Ne1 Ne5 20.Ne2 Qf7 21.Nd4 Nc5 22.Bf1 
g5 23.b4 Ncd7 24.c5 Nf6 25.Qb3 Nd5 26.Bg2 h6 27.b5 Bd7 28.a4 a6 29.Rdd1 
Kh8 30.Ne2 Qh5 31.Nd4 Rg8 32.f3 exf3 33.Ndxf3 Ng4 34.Bxg7+ Rxg7 35.bxa6 
bxa6 36.Rxd5 cxd5 37.Qxd5 Re8 38.c6 Nxe3 39.Qc5 Bc8 40.Ra2 Nxg2 41.Kxg2 f4
42.Qd6 g4 43.Nh4 Rxe1 44.Qf8+ Rg8 45.Qf6+ Kh7 46.Rd2 Qc5 0-1

[Event "zonal 7"]
[Site "Windsor CAN"]
[Date "1989.06.??"]
[Round "?"]
[White "Ross, Paul"]
[Black "Southam, David"]
[Result "0-1"]
[WhiteElo "2260"]
[BlackElo "2255"]
[EventDate "1989.06.??"]
[PlyCount "64"]

1.d4 g6 2.Nf3 Bg7 3.c4 Nf6 4.Nc3 O-O 5.e4 d6 6.Be2 e5 7.Be3 h6 8.dxe5 dxe5
9.Qc1 Ng4 10.Bc5 Re8 11.h3 Nf6 12.O-O Nfd7 13.Be3 Kh7 14.Rd1 c6 15.h4 Qe7 
16.h5 Nf6 17.hxg6+ fxg6 18.a3 Ng4 19.Bd2 Rf8 20.b4 Be6 21.Na4 Nd7 22.b5 
Rf7 23.bxc6 bxc6 24.Bb4 c5 25.Be1 Raf8 26.Nc3 Rf4 27.Rb1 Rxf3 28.gxf3 Ngf6
29.Nd5 Nxd5 30.cxd5 Bh3 31.Rb3 Rf4 32.Qxf4 exf4 0-1

[Event "zonal 7"]
[Site "Windsor CAN"]
[Date "1989.06.??"]
[Round "?"]
[White "Ross, Paul"]
[Black "Stone, Raymond"]
[Result "1/2-1/2"]
[WhiteElo "2260"]
[BlackElo "2345"]
[EventDate "1989.06.??"]
[PlyCount "52"]

1.d4 Nf6 2.Nf3 e6 3.c4 c5 4.g3 cxd4 5.Nxd4 d5 6.Bg2 e5 7.Nf3 d4 8.O-O Nc6 
9.e3 Be7 10.exd4 exd4 11.Bf4 O-O 12.Ne5 Nxe5 13.Bxe5 d3 14.Nc3 Bg4 15.Bf3 
Qd7 16.Nd5 Bxf3 17.Qxf3 Nxd5 18.cxd5 Rfd8 19.Qxd3 Qxd5 20.Qxd5 Rxd5 21.Bc3
Rad8 22.Rfe1 Bc5 23.Re2 f6 24.Kg2 Kf7 25.Rae1 Rf5 26.Rc2 Rd3 1/2-1/2